MARC

LEADER 00000ny a22000003n 4500
005 20110511133353.0
008 891107c19909999meuqx1m 0 a0eng d
010 |a sf 90017609   |z sn 89002716 
022 |a 1047-1073 
035 |a 3003 
040 |a NSDP  |c NSDP  |d vLex 
043 |a n-us---  |a n-cn--- 
090 |c 1677  |d 1677 
245 3 0 |a Canadian-American public policy  |h [Recurso electrn̤ico] 
256 |a Servicio en ln̕ea 
260 |a Orono, Me. :  |b University of Maine Press 
310 |a Trimestral 
506 1 |a Contenido solo disponible en los productos indicados  |d vLex Global  |d vLex Global (Academic Edition, excluding Law Schools)  |d vLex Global (Academic Edition, Law Schools) 
650 0 4 |a Relaciones econm̤icas internationales  |x Publicaciones perid̤icas 
650 0 4 |a International Relations/International Justice 
650 0 4 |a International relations 
651 4 |a Canada  |x Relaciones  |z United Estados  |x Publicaciones perid̤icas 
651 4 |a United Estados  |x Relaciones  |z Canada  |x Publicaciones perid̤icas 
710 2 |a University of Maine at Orono.  |b Canadian American Center. 
740 0 |a vLex Revista (Servicios en ln̕ea) 
843 |a Electrn̤ica. Cerrada 
853 |8 1  |i (year)  |j (month)  |k (day) 
856 4 0 |u http://vlex.com/source/3003  |z Acceso restringido 
942 |c REV 
999 0 |a Canada  |z United States  |v Periodicals. 
999 0 |a Canada  |z United States  |v Periodicals. 
999 0 |a United States  |z Canada  |v Periodicals. 
999 0 |a United States  |z Canada  |v Periodicals.